[Event "Wch U16"]
[Site "Durban"]
[Date "2014.09.22"]
[Round "4"]
[White "Rakotomaharo, Fy Antenaina"]
[Black "Lien, Kjell Hakon"]
[Result "0-1"]
[WhiteElo "2286"]
[BlackElo "2004"]
[PlyCount "56"]
[EventDate "2014.09.20"]
[EventType "swiss"]
[EventRounds "11"]
[EventCountry "RSA"]
[SourceTitle "CBM 162 Extra"]
[Source "ChessBase"]
[SourceDate "2014.10.17"]
[SourceVersion "1"]
[SourceVersionDate "2014.10.17"]
[SourceQuality "1"]

1. d4 d5 2. c4 e6 3. Nc3 Nf6 4. cxd5 exd5 5. Bg5 Bb4 6. Qb3 Nc6 7. e3 h6 8. Bxf6 Qxf6 9. Qxd5 Be6 10. Qf3 Qg6 11. Qd1 0-0-0 12. Nge2 Rhe8 13. Nf4 Qg5 14. Nxe6 Rxe6 15. Bc4 Rxe3+ 16. fxe3 Qxe3+ 17. Be2 Nxd4 18. Kf1 Qf4+ 19. Bf3 Nf5 20. Qa4 Qc4+ 21. Ne2 Ne3+ 22. Kf2 Qc5 23. Rhc1 Nd1+ 24. Kg3 Qg5+ 25. Bg4+ f5 26. Rxc7+ Kxc7 27. Qc2+ Kb8 28. Qxf5 Be1+ 0-1

[Event "Wch U16"]
[Site "Durban"]
[Date "2014.09.21"]
[Round "2"]
[White "Sosa, Tomas Sebastian"]
[Black "Lien, Kjell Hakon"]
[Result "1-0"]
[WhiteElo "2275"]
[BlackElo "2004"]
[PlyCount "39"]
[EventDate "2014.09.20"]
[EventType "swiss"]
[EventRounds "11"]
[EventCountry "RSA"]
[SourceTitle "CBM 162 Extra"]
[Source "ChessBase"]
[SourceDate "2014.10.17"]
[SourceVersion "1"]
[SourceVersionDate "2014.10.17"]
[SourceQuality "1"]

1. e4 c5 2. Nf3 e6 3. d4 cxd4 4. Nxd4 Nc6 5. Nc3 d6 6. Be2 Nf6 7. 0-0 Be7 8. Kh1 a6 9. f4 Qc7 10. Be3 0-0 11. Qe1 Nxd4 12. Bxd4 b5 13. a3 Bb7 14. Qg3 Bc6 15. Rae1 Qb7 16. Bd3 g6 17. Qh3 a5 18. Re3 b4 19. Nd1 Nxe4 20. Qxh7+ 1-0